LDR 00825naa#a2200181#i#450# 001 RU\INFRA-M\bibl\101275 005 20260419065915.7 011 ## _a2587-9103 100 ## _a20250630b2025####ek#y0rusy0150####ca 102 ## _aRU 200 1# _aГрани и смыслы коммуникативистики: философия, культурология, лингвистика _eЖурнальная статья 210 1# _aМосква _cОбщество с ограниченной ответственностью «Научно-издательский центр ИНФРА-М» _d2025 215 ## _a1 с. 608 ## _aЖурнальная статья _2local 675 ## _aЛингвистика. Языкознание. Языки. 81 _z 700 #1 _aГончарова _gЛ. М. 700 #1 _aДиденко _gВ. Д. 856 4# _anaukaru.ru _u